000
00291nam a22001337a 4500
008
181012b xxu||||| |||| 00| 0 eng d
020
_a
9780323065375
041
_a
eng
080
_a
610.73
100
_a
2
101
_a
INF
245
_a
Nursing Care Plans
_c
Gulanick, M
942
_2
udc
_c
BK
999
_c
49513
_d
49513